[Event "ch-FRA Blitz Online Qual"]
[Site "Europe-Chess INT"]
[Date "2020.05.16"]
[Round "13"]
[White "Vaisser, Anatoly"]
[Black "Muller, Anthony"]
[Result "1-0"]
[WhiteTitle "GM"]
[WhiteElo "2504"]
[BlackElo "2278"]
[WhiteFideId "603252"]
[BlackFideId "20682743"]
[EventDate "2020.05.16"]

1. d4 d5 2. c4 c6 3. cxd5 cxd5 4. Bf4 Nf6 5. Nc3 Nc6 6. e3 Bf5 7. Qb3 Na5 8.
Qa4+ Bd7 9. Qc2 e6 10. Bd3 Rc8 11. Nf3 Bb4 12. h3 a6 13. O-O O-O 14. Ne5 b5 15.
Bg5 h6 16. Bxf6 gxf6 17. Ng4 Kg7 18. Rac1 Nc4 19. Qe2 f5 20. Ne5 Nxe5 21. dxe5
Qh4 22. Qf3 Rc5 23. Ne2 Rfc8 24. Rxc5 Bxc5 25. Nf4 Be7 26. g3 Qg5 27. Rd1 Kf8
28. Rd2 Qg7 29. Qh5 Qxe5 30. Qxh6+ Qg7 31. Qxg7+ Kxg7 32. g4 fxg4 33. hxg4 Bd6
34. Nh5+ Kf8 35. Nf6 Ke7 36. Nxd7 Kxd7 37. Kg2 Be5 38. f4 Bg7 39. e4 Rd8 40.
exd5 exd5 41. Kf3 Rh8 42. Be4 d4 43. Kg3 Kd6 44. Rc2 a5 45. Rc6+ Ke7 46. Rc7+
Kf8 47. Bd5 f5 48. Rf7+ Kg8 49. Rxf5+ Kh7 50. Be4 Rf8 51. Rxf8+ 1-0

[Event "ch-FRA Blitz Online Qual"]
[Site "Europe-Chess INT"]
[Date "2020.05.16"]
[Round "13"]
[White "Bailet, Pierre"]
[Black "Droin, Augustin"]
[Result "1-0"]
[WhiteTitle "IM"]
[BlackTitle "FM"]
[WhiteElo "2500"]
[BlackElo "2313"]
[WhiteFideId "655830"]
[BlackFideId "45105987"]
[EventDate "2020.05.16"]

1. e4 c5 2. Nf3 Nc6 3. Bb5 g6 4. O-O Bg7 5. Re1 Nf6 6. e5 Nd5 7. Nc3 Nc7 8. Bxc6
dxc6 9. Ne4 Ne6 10. d3 O-O 11. Be3 b6 12. Qd2 Nd4 13. Nxd4 cxd4 14. Bh6 c5 15.
Re2 Bb7 16. Rae1 Qd5 17. Bxg7 Kxg7 18. Qf4 Rad8 19. b3 f5 20. exf6+ exf6 21. f3
Qd7 22. Nxc5 bxc5 23. Re7+ Rf7 24. Rxd7 Rfxd7 25. Re6 Rf7 26. Rxf6 1-0

[Event "ch-FRA Blitz Online Qual"]
[Site "Europe-Chess INT"]
[Date "2020.05.16"]
[Round "13"]
[White "Riff, Jean-Noel"]
[Black "Vlachos, Anatole"]
[Result "0-1"]
[WhiteTitle "GM"]
[BlackTitle "IM"]
[WhiteElo "2504"]
[BlackElo "2401"]
[WhiteFideId "611190"]
[BlackFideId "26093189"]
[EventDate "2020.05.16"]

1. e4 c5 2. Nf3 Nc6 3. Nc3 Nf6 4. Bb5 Qc7 5. O-O a6 6. Bxc6 dxc6 7. d3 e5 8. h3
h6 9. a4 a5 10. Nd2 g5 11. Nc4 Be6 12. Qe2 Nd7 13. Nd1 O-O-O 14. Nde3 b6 15. c3
f6 16. Bd2 h5 17. b4 cxb4 18. cxb4 axb4 19. Rfc1 Nc5 20. a5 b5 21. Nb6+ Kb8 22.
Bxb4 Nxd3 23. Bxf8 Nxc1 24. Rxc1 Rhxf8 25. Ned5 Qb7 26. Nb4 Bd7 27. Qe3 Be8 28.
Qc5 Rf7 29. f3 Rc7 30. Kh2 g4 31. fxg4 hxg4 32. h4 Qa7 33. Ra1 Rg7 34. Qf8 g3+
35. Kh1 Qe7 36. Qxe7 Rxe7 37. Rc1 Ka7 38. Kg1 Re6 39. Kf1 Bh5 40. Nxc6+ Rxc6 41.
Rxc6 Rd1# 0-1

[Event "ch-FRA Blitz Online Qual"]
[Site "Europe-Chess INT"]
[Date "2020.05.16"]
[Round "13"]
[White "Claverie, Christophe"]
[Black "Vedmediuc, Serghei"]
[Result "0-1"]
[WhiteTitle "IM"]
[BlackTitle "IM"]
[WhiteElo "2304"]
[BlackElo "2464"]
[WhiteFideId "605514"]
[BlackFideId "13900790"]
[EventDate "2020.05.16"]

1. Nf3 g6 2. g3 Bg7 3. Bg2 c5 4. O-O Nc6 5. c4 e6 6. Nc3 Nge7 7. d4 cxd4 8. Nb5
Nf5 9. g4 a6 10. Qa4 Rb8 11. gxf5 axb5 12. cxb5 Qa5 13. Qc4 d5 14. Qb3 Ne7 15.
Bd2 Qb6 16. fxe6 fxe6 17. a4 Bd7 18. Bb4 Nf5 19. Rac1 Rc8 20. Rxc8+ Bxc8 21. Rc1
Bd7 22. Ba3 Bf8 23. Bxf8 Rxf8 24. Ne5 Qd6 25. Nxd7 Kxd7 26. b6 Rc8 27. Qb5+ Rc6
28. a5 Ne7 29. Bh3 Kd8 30. Rxc6 Qxc6 31. Qb4 Qc1+ 32. Kg2 Qg5+ 33. Kf1 Qf4 34.
a6 bxa6 35. e3 Qxh2 36. Bg2 dxe3 37. b7 Qb8 38. Qb6+ Kd7 39. fxe3 Nf5 40. e4
dxe4 41. Ke1 Nd6 42. Bxe4 Nxe4 43. Qxa6 Nd6 44. Qa4+ Ke7 45. Qh4+ Kd7 46. Qa4+
Kc7 47. Qb4 Qxb7 48. Qc5+ Qc6 0-1

[Event "ch-FRA Blitz Online Qual"]
[Site "Europe-Chess INT"]
[Date "2020.05.16"]
[Round "13"]
[White "Marcelin, Cyril"]
[Black "Eden, James"]
[Result "1-0"]
[WhiteTitle "GM"]
[BlackTitle "IM"]
[WhiteElo "2444"]
[BlackElo "2330"]
[WhiteFideId "607274"]
[BlackFideId "666491"]
[EventDate "2020.05.16"]

1. d4 d5 2. Nf3 Nf6 3. c3 g6 4. Bf4 Bg7 5. e3 O-O 6. Nbd2 c5 7. Be2 Nc6 8. dxc5
Nd7 9. Nb3 e5 10. Bg5 Nf6 11. O-O a5 12. a4 Be6 13. Bb5 Qc7 14. Bh4 Ne4 15. Nfd2
Na7 16. Nxe4 dxe4 17. c4 Nxb5 18. cxb5 f6 19. Rc1 Rad8 20. Qc2 Rd3 21. b6 Bxb3
22. bxc7 Bxc2 23. Rxc2 Rc8 24. c6 Rxc7 25. cxb7 Rxb7 26. Rc5 g5 27. Bg3 h5 28.
h4 g4 29. Rxa5 Rxb2 30. Ra1 Rdb3 31. Kh2 Rb1 32. Rxb1 Rxb1 33. Rb5 Ra1 34. a5
Kf7 35. Rb7+ Kg6 36. Ra7 Bf8 37. Ra6 Kf5 38. Ra8 Bc5 39. a6 Kg6 40. Rc8 Ba7 41.
Rc6 Kf5 42. Rd6 Ra5 43. Rc6 Rc5 44. Rxc5 Bxc5 45. Kg1 Ke6 46. Kf1 f5 47. Ke2 Ba7
48. f3 exf3+ 49. gxf3 Kd5 50. e4+ fxe4 51. fxg4 hxg4 52. h5 Ke6 53. Bf2 Bb8 54.
a7 Bxa7 55. Bxa7 Kf5 56. Be3 g3 57. h6 Kg6 58. Kf1 Kh7 59. Kg2 Kg6 60. Kxg3 Kh7
61. Kg4 Kg6 62. Bd2 Kh7 63. Kf5 Kh8 64. Kxe4 Kh7 65. Kxe5 Kg6 66. Ke6 Kh7 67.
Kf6 Kg8 68. Kg6 1-0

[Event "ch-FRA Blitz Online Qual"]
[Site "Europe-Chess INT"]
[Date "2020.05.16"]
[Round "13"]
[White "Barbaras, Mathieu"]
[Black "Joie, Sebastien"]
[Result "0-1"]
[BlackTitle "IM"]
[WhiteElo "2200"]
[BlackElo "2393"]
[WhiteFideId "20622910"]
[BlackFideId "650420"]
[EventDate "2020.05.16"]

1. d4 d5 2. Nf3 Nf6 3. c4 c6 4. Nc3 dxc4 5. a4 e6 6. e3 c5 7. Bxc4 Nc6 8. O-O
cxd4 9. exd4 Be7 10. Re1 O-O 11. d5 exd5 12. Nxd5 Nxd5 13. Qxd5 Qxd5 14. Bxd5
Bf6 15. Bg5 Bxb2 16. Rab1 Ba3 17. Ne5 Nxe5 18. Rxe5 Bd6 19. Ree1 Rb8 20. Be7
Bxe7 21. Rxe7 Rd8 22. Bxf7+ Kf8 23. Rbe1 Rd7 24. Rxd7 Bxd7 25. Bb3 Rc8 26. h3
Rc3 27. Re3 Rxe3 28. fxe3 Ke7 29. Kf2 Kd6 30. Bc2 h6 31. Kg3 Ke5 32. Kf2 b6 33.
Ke2 Bc6 34. g3 Bd7 35. h4 a6 36. Bb3 b5 37. axb5 axb5 38. Bc2 Bf5 39. Bb3 Be6
40. Bc2 b4 41. Kd2 b3 42. Bh7 Bf5 43. Bxf5 Kxf5 44. Kc3 Ke4 45. Kxb3 Kxe3 0-1

[Event "ch-FRA Blitz Online Qual"]
[Site "Europe-Chess INT"]
[Date "2020.05.16"]
[Round "13"]
[White "Valles Moreno, Ivan"]
[Black "Derige Kane, Yan"]
[Result "0-1"]
[WhiteTitle "IM"]
[WhiteElo "2417"]
[BlackElo "2236"]
[WhiteFideId "2205688"]
[BlackFideId "20665431"]
[EventDate "2020.05.16"]

1. Nf3 Nf6 2. c4 e6 3. g3 d5 4. Bg2 Be7 5. O-O O-O 6. b3 c5 7. Bb2 b6 8. e3 Bb7
9. Nc3 Nc6 10. cxd5 exd5 11. d4 Re8 12. Re1 Bf8 13. Ne2 Ne4 14. Nf4 Ne7 15. Ne5
Ng6 16. Nexg6 hxg6 17. Qe2 cxd4 18. Bxd4 Bb4 19. Red1 Qe7 20. Bb2 Rad8 21. a3
Bc3 22. Rac1 Qf6 23. Rd2 d4 24. Bxe4 Bxe4 25. Bxc3 dxc3 26. Rxd8 Rxd8 27. f3 Rd2
28. Qf1 Bb7 29. Qc4 Bxf3 30. Qc8+ Kh7 31. Rxc3 g5 32. Qh3+ Qh6 33. Qxh6+ Kxh6
34. Nd3 Rg2+ 35. Kf1 Rxh2 36. Ne5 Be4 37. Nxf7+ Kg6 38. Ne5+ Kf5 39. Nc6 Kg4 40.
Nd4 Kxg3 41. Rc7 Rh1+ 42. Ke2 Rh2+ 43. Ke1 g6 44. Ne6 g4 45. Nf4 Kf3 46. Rf7
Kxe3 47. Ne2 Rh1+ 48. Rf1 Rxf1+ 49. Kxf1 Bd3 50. Kg2 Bxe2 51. Kg3 Bd1 52. b4 0-1

[Event "ch-FRA Blitz Online Qual"]
[Site "Europe-Chess INT"]
[Date "2020.05.16"]
[Round "13"]
[White "Di Nicolantonio, Lucas"]
[Black "Ciccoli, Theo"]
[Result "1-0"]
[WhiteTitle "IM"]
[WhiteElo "2414"]
[BlackElo "2178"]
[WhiteFideId "680460"]
[BlackFideId "26053780"]
[EventDate "2020.05.16"]

1. f4 c5 2. Nf3 Nc6 3. g3 g6 4. Bg2 Bg7 5. d3 d5 6. O-O Nf6 7. Nc3 d4 8. Ne4 b6
9. Ne5 Nxe5 10. Nxf6+ Bxf6 11. fxe5 Rb8 12. exf6 exf6 13. Bf4 Rb7 14. Bc6+ Kf8
15. Bxb7 Bxb7 16. e4 dxe3 17. Bxe3 Qd5 18. Kf2 Kg7 19. Rg1 Qf5+ 20. Ke1 Re8 21.
Kd2 Bf3 22. Qe1 c4 23. Bh6+ Kxh6 24. Qxe8 Bg4 25. Qe3+ Kg7 26. Rgf1 Qh5 27. Qd4
Qxh2+ 28. Rf2 Qxg3 29. Qxf6+ Kh6 30. Rh1+ Bh5 31. Qf4+ Qxf4+ 32. Rxf4 cxd3 33.
cxd3 f5 34. Ra4 a5 35. b4 axb4 36. Rxb4 Kg5 37. Rxb6 h6 38. a4 Bf3 39. Rg1+ 1-0

[Event "ch-FRA Blitz Online Qual"]
[Site "Europe-Chess INT"]
[Date "2020.05.16"]
[Round "13"]
[White "Buksa, Nataliya"]
[Black "Philippe, Guillaume"]
[Result "1-0"]
[WhiteTitle "IM"]
[BlackTitle "IM"]
[WhiteElo "2410"]
[BlackElo "2354"]
[WhiteFideId "14123622"]
[BlackFideId "36048763"]
[EventDate "2020.05.16"]

1. d4 Nf6 2. Nc3 d6 3. e4 g6 4. Bg5 Bg7 5. e5 Nfd7 6. f4 O-O 7. h4 h6 8. h5 hxg5
9. hxg6 e6 10. Bd3 fxg6 11. Bxg6 Rxf4 12. Qh5 Nf8 13. Bd3 Bd7 14. Nf3 Be8 15.
Bh7+ Nxh7 16. Qxh7+ Kf8 17. Ne4 Rxe4+ 18. Qxe4 Nc6 19. O-O-O d5 20. Qh7 g4 21.
Rdf1 gxf3 22. Rxf3+ Bf7 23. Rxf7+ Kxf7 24. Rf1+ Ke8 25. Qxg7 Qe7 26. Qg8+ Kd7
27. Qxa8 Nxd4 28. Qg8 Kc6 29. Qg4 Nb5 30. a4 Qc5 31. axb5+ Kxb5 32. Qe2+ Kc6 33.
g4 Qa5 34. Qd3 Qa1+ 35. Kd2 Qxb2 36. Qc3+ Qxc3+ 37. Kxc3 1-0

[Event "ch-FRA Blitz Online Qual"]
[Site "Europe-Chess INT"]
[Date "2020.05.16"]
[Round "13"]
[White "Ellis, Antoine"]
[Black "Riff, Vincent"]
[Result "0-1"]
[BlackTitle "FM"]
[WhiteElo "2066"]
[BlackElo "2405"]
[WhiteFideId "36019992"]
[BlackFideId "617776"]
[EventDate "2020.05.16"]

1. d4 Nf6 2. c4 c5 3. d5 e5 4. Nc3 d6 5. e4 Be7 6. Bd3 Nbd7 7. Nge2 h5 8. Bg5 h4
9. h3 Nh5 10. Bxe7 Qxe7 11. Qd2 a6 12. a4 Qf6 13. Rf1 Nf8 14. O-O-O Ng6 15. Kb1
Bd7 16. b3 O-O 17. g4 Nhf4 18. Nxf4 exf4 19. e5 Nxe5 20. Bc2 g6 21. Ne4 Qg7 22.
Qxf4 f6 23. Nxd6 b5 24. Qd2 bxa4 25. f4 axb3 26. Be4 Nf7 27. Nxf7 Rxf7 28. d6
Re8 29. Bd5 Kh8 30. Bxf7 Qxf7 31. f5 g5 32. Qc3 Re4 33. Rd5 Qe8 34. Qxf6+ Kh7
35. Qg6+ Qxg6 36. fxg6+ Kxg6 37. Rxc5 Rd4 38. Rc7 Rxd6 39. c5 Rd2 40. c6 Be6 41.
Re7 Bc4 42. c7 Bd3+ 43. Kc1 Rc2+ 44. Kd1 Bxf1 0-1

[Event "ch-FRA Blitz Online Qual"]
[Site "Europe-Chess INT"]
[Date "2020.05.16"]
[Round "13"]
[White "Brunner, Nicolas"]
[Black "Hutois, Mickael"]
[Result "0-1"]
[WhiteTitle "IM"]
[BlackTitle "FM"]
[WhiteElo "2428"]
[BlackElo "2261"]
[WhiteFideId "620246"]
[BlackFideId "652091"]
[EventDate "2020.05.16"]

1. d4 Nf6 2. c4 e6 3. Nc3 Bb4 4. Nf3 O-O 5. Bg5 h6 6. Bh4 g5 7. Bg3 Ne4 8. Qc2
f5 9. e3 b6 10. O-O-O Bb7 11. Nd2 d5 12. f3 Nxc3 13. bxc3 Bd6 14. Bd3 Nd7 15. e4
dxe4 16. fxe4 f4 17. Bf2 e5 18. g4 Kg7 19. h4 Rh8 20. Nf3 Qf6 21. c5 bxc5 22. d5
a5 23. Kd2 a4 24. Rb1 Nb6 25. c4 Ba6 26. Qc3 Bc8 27. Rhg1 Bd7 28. Qa3 Qe7 29.
Ke2 Rhb8 30. Nd2 Nc8 31. Nf3 Rb4 32. Qc3 Nb6 33. a3 Rb3 34. Rxb3 axb3 35. Qxb3
Ra4 36. Qc3 Qe8 37. hxg5 hxg5 38. Nxg5 Nxc4 39. Kf3 Rxa3 40. Qxc4 Bb5 0-1

[Event "ch-FRA Blitz Online Qual"]
[Site "Europe-Chess INT"]
[Date "2020.05.16"]
[Round "13"]
[White "Roque, Gaetan"]
[Black "Cotonnec, Melkior"]
[Result "1/2-1/2"]
[BlackTitle "IM"]
[WhiteElo "2128"]
[BlackElo "2300"]
[WhiteFideId "20666934"]
[BlackFideId "633275"]
[EventDate "2020.05.16"]

1. d4 Nf6 2. c4 g6 3. Nc3 d5 4. cxd5 Nxd5 5. Bd2 Bg7 6. e4 Nxc3 7. Bxc3 c5 8. d5
O-O 9. Nf3 e6 10. d6 Nc6 11. Bxg7 Kxg7 12. h4 e5 13. h5 Bg4 14. hxg6 Bxf3 15.
Rxh7+ Kxg6 16. Qxf3 Kxh7 17. Qf5+ Kg7 18. Qg4+ Kh6 19. Qh3+ Kg6 20. Qf5+ Kh6 21.
Qh3+ Kg5 22. Qf5+ Kh6 23. Qh3+ 1/2-1/2

[Event "ch-FRA Blitz Online Qual"]
[Site "Europe-Chess INT"]
[Date "2020.05.16"]
[Round "13"]
[White "Lamaze, Simon"]
[Black "Migot, Tangi"]
[Result "0-1"]
[WhiteTitle "CM"]
[BlackTitle "IM"]
[WhiteElo "2185"]
[BlackElo "2351"]
[WhiteFideId "36069264"]
[BlackFideId "662445"]
[EventDate "2020.05.16"]

1. d4 d5 2. Nf3 Nf6 3. g3 g6 4. Bg2 Bg7 5. O-O O-O 6. c4 c6 7. cxd5 cxd5 8. Nc3
Ne4 9. Ng5 Nxc3 10. bxc3 Nc6 11. Ba3 Re8 12. e4 e6 13. exd5 exd5 14. Nf3 Na5 15.
Nd2 Be6 16. Rb1 Rc8 17. Qa4 b6 18. Bb4 Nc6 19. Ba3 Qc7 20. Rfc1 Na5 21. Bb4 Nc6
22. Ba3 Bh6 23. Rd1 Bg4 24. Nf3 Na5 25. Bb4 Nc4 26. Qa6 Rcd8 27. Re1 Bxf3 28.
Bxf3 Nd2 29. Bxd5 Nxb1 30. Rxb1 Rxd5 31. Qd3 Rdd8 32. Rd1 Qd7 33. d5 Bg7 34. c4
Rc8 35. d6 Rc6 36. Ba3 Bf8 37. Qc3 Bg7 38. Qd3 Rd8 39. h4 Qe6 40. h5 Qxc4 41.
Qf3 Rcc8 42. Rd3 b5 43. Kg2 Qc6 0-1

[Event "ch-FRA Blitz Online Qual"]
[Site "Europe-Chess INT"]
[Date "2020.05.16"]
[Round "13"]
[White "Massiani, Xavier"]
[Black "Suarez Uriel, Adrian"]
[Result "0-1"]
[BlackTitle "IM"]
[WhiteElo "1781"]
[BlackElo "2340"]
[WhiteFideId "45145059"]
[BlackFideId "22230874"]
[EventDate "2020.05.16"]

1. e4 c5 2. Nc3 Nc6 3. Bb5 e6 4. f4 Nd4 5. Nf3 a6 6. Bd3 d6 7. O-O Nf6 8. Nxd4
cxd4 9. Ne2 d5 10. e5 Ne4 11. c3 dxc3 12. dxc3 Bc5+ 13. Nd4 Qb6 14. Kh1 O-O 15.
Bxe4 dxe4 16. Rb1 Bd7 17. Be3 Rad8 18. Qc2 Bb5 19. Nxb5 Bxe3 20. Nd6 Bc5 21.
Nxe4 Be7 22. b3 Qc6 23. c4 Rd4 24. Rfe1 Rfd8 25. Qe2 Bb4 26. Ng5 h6 27. Nf3 Rxf4
28. Red1 Rxd1+ 29. Rxd1 Ba5 30. Qe3 Qe4 31. Qc5 Rxf3 32. Qxa5 Rd3 33. Rxd3 Qxd3
34. Qe1 g5 35. h3 Kg7 36. Kg1 Kg6 37. Qf2 Qf5 38. Qe3 Qf4 39. Qd3+ Kg7 0-1

[Event "ch-FRA Blitz Online Qual"]
[Site "Europe-Chess INT"]
[Date "2020.05.16"]
[Round "13"]
[White "Edouard, Romain"]
[Black "Le Huec, Marc"]
[Result "1-0"]
[WhiteTitle "GM"]
[WhiteElo "2649"]
[BlackElo "2213"]
[WhiteFideId "633429"]
[BlackFideId "624829"]
[EventDate "2020.05.16"]

1. d4 Nf6 2. c4 g6 3. f3 Bg7 4. e4 d6 5. Nc3 O-O 6. Be3 c5 7. Nge2 Nc6 8. d5 Ne5
9. Ng3 e6 10. Be2 exd5 11. cxd5 a6 12. a4 Qa5 13. O-O Re8 14. h3 Rb8 15. Qd2 Qb4
16. a5 b5 17. axb6 Nc4 18. Bxc4 Qxc4 19. Qc2 Rxb6 20. Rfb1 Nd7 21. Nge2 Ne5 22.
b3 Qd3 23. Qc1 f5 24. Kh1 Nf7 25. Ra2 a5 26. Rc2 fxe4 27. Nf4 Qa6 28. Nxe4 Qb7
29. Qa3 Bf5 30. Rc4 Rb4 31. Qc1 Rxb3 32. Rxb3 Qxb3 33. g4 Bxe4 34. Rxe4 Rxe4 35.
fxe4 a4 36. Ne6 Be5 37. Qf1 Qb6 38. Qc4 Qa7 39. Qb5 Qa8 40. Nc7 Qa7 41. Na6 Kg7
42. Qxa4 Qe7 43. Kg2 Qh4 44. Bf2 Qg5 45. Nc7 Qf4 46. Ne6+ 1-0

[Event "ch-FRA Blitz Online Qual"]
[Site "Europe-Chess INT"]
[Date "2020.05.16"]
[Round "13"]
[White "Guliyev, Namig"]
[Black "Doluhanova, Evgeniya"]
[Result "1-0"]
[WhiteTitle "GM"]
[BlackTitle "WGM"]
[WhiteElo "2529"]
[BlackElo "2229"]
[WhiteFideId "13400363"]
[BlackFideId "14112035"]
[EventDate "2020.05.16"]

1. e4 e5 2. Nf3 Nc6 3. Bb5 Nf6 4. O-O Nxe4 5. Re1 Nd6 6. Nxe5 Be7 7. Bf1 Nxe5 8.
Rxe5 O-O 9. d4 Ne8 10. Re1 d5 11. Nd2 Bd6 12. c3 Bf5 13. Nf3 c6 14. Bd3 Qf6 15.
Bg5 Qg6 16. Nh4 Qxg5 17. Nxf5 Rd8 18. h4 Qf6 19. Qg4 Nc7 20. Re3 Ne6 21. Rae1
Kh8 22. Nxd6 Rxd6 23. Rf3 Qh6 24. g3 Rdd8 25. Kg2 g6 26. Re5 f5 27. Qh3 Ng7 28.
Qh1 Rde8 29. Rfe3 Rxe5 30. Rxe5 Qd2 31. Qb1 Re8 32. Rxe8+ Nxe8 33. Bc2 Nd6 34.
Qd1 Qxd1 35. Bxd1 Nc4 36. b3 Nd6 37. a4 Kg7 38. Kf3 Kf6 39. Ke3 Ne4 40. c4 dxc4
41. bxc4 Nd6 42. Bb3 a5 43. c5 Ne8 44. d5 Ke7 45. Kf4 Nf6 46. d6+ Kd7 47. f3
Nh5+ 48. Kg5 Nxg3 49. Bg8 b6 50. cxb6 Kxd6 51. Bxh7 Nf1 52. Bxg6 Nd2 53. Kf4 Nc4
54. h5 Nxb6 55. h6 Nd7 56. h7 1-0

[Event "ch-FRA Blitz Online Qual"]
[Site "Europe-Chess INT"]
[Date "2020.05.16"]
[Round "13"]
[White "Song, Julien"]
[Black "Shchekachev, Andrei"]
[Result "0-1"]
[WhiteTitle "IM"]
[BlackTitle "GM"]
[WhiteElo "2306"]
[BlackElo "2533"]
[WhiteFideId "659487"]
[BlackFideId "4107730"]
[EventDate "2020.05.16"]

1. d4 g6 2. e4 Bg7 3. Nc3 c6 4. Be3 d5 5. e5 Nh6 6. f3 Nf5 7. Bf2 h5 8. h4 Qb6
9. Na4 Qa5+ 10. c3 f6 11. exf6 exf6 12. Nh3 Kf7 13. Be2 Qc7 14. Nc5 Re8 15. Nd3
Bh6 16. O-O Ne3 17. Bxe3 Bxe3+ 18. Nhf2 Qg3 19. Re1 Bf5 20. Rf1 Bh3 21. Ne1 Bf4
22. Nxh3 Qh2+ 23. Kf2 Bg3# 0-1

[Event "ch-FRA Blitz Online Qual"]
[Site "Europe-Chess INT"]
[Date "2020.05.16"]
[Round "13"]
[White "Suarez Real, Alberto"]
[Black "Pucher, Sebastien"]
[Result "0-1"]
[WhiteTitle "IM"]
[BlackTitle "FM"]
[WhiteElo "2448"]
[BlackElo "2322"]
[WhiteFideId "2218534"]
[BlackFideId "627232"]
[EventDate "2020.05.16"]

1. e4 g6 2. d4 Bg7 3. Nc3 c6 4. Nf3 d6 5. Bf4 Bg4 6. h3 Bxf3 7. Qxf3 Bxd4 8.
O-O-O Bg7 9. e5 d5 10. h4 e6 11. h5 g5 12. h6 Nxh6 13. Bh2 Nd7 14. Qh5 Qe7 15.
g4 O-O-O 16. Bg2 Ng8 17. Rhe1 h6 18. Qh3 Qc5 19. Re3 Ne7 20. Rf3 Rhf8 21. Re3
Ng6 22. Rde1 Qa5 23. Kb1 d4 24. Ne4 dxe3 25. Nd6+ Kb8 26. Qxe3 Ndxe5 27. Nc4 Qc7
28. a4 f6 29. Nxe5 Nxe5 30. f4 gxf4 31. Bxf4 Ka8 32. Qg3 Qa5 33. Re4 Rd5 34. Re3
Rd1+ 35. Ka2 Rfd8 36. Rb3 Qxa4+ 37. Ra3 Qc4+ 38. Rb3 R1d5 39. Bxd5 Rxd5 40. Be3
Ra5+ 41. Kb1 Qf1+ 42. Bc1 Rd5 43. Qc3 Rd1 44. Qb4 Rxc1+ 45. Ka2 Qa6+ 46. Ra3
Qc4+ 47. Qxc4 Nxc4 48. Rd3 a5 49. Kb3 Nb6 50. Rd8+ Ka7 51. Rg8 Rg1 52. Rxg7 f5
53. Rg6 Rxg4 54. Rxe6 h5 55. Re5 Rf4 56. Rxa5+ Kb8 57. Re5 h4 58. Re8+ Kc7 59.
Rh8 Nd5 60. c3 Ne3 61. Rh5 Ng2 62. Rh7+ Kb6 63. Ka3 Rf3 64. Kb4 h3 65. c4 Nf4
66. c5+ Ka7 67. Ka4 Rf2 68. b4 h2 69. b5 cxb5+ 70. Kxb5 Rb2+ 71. Ka5 Kb8 72.
Rh8+ Kc7 73. Rh4 Ne6 74. Rh7+ Kc6 75. Rh6 Kd5 76. c6 bxc6 77. Rh5 Ke5 78. Ka6 c5
79. Rh3 c4 80. Re3+ Kf6 81. Rh3 c3 0-1

[Event "ch-FRA Blitz Online Qual"]
[Site "Europe-Chess INT"]
[Date "2020.05.16"]
[Round "13"]
[White "Navrotescu, Andreea-Cristiana"]
[Black "Travadon, Loic"]
[Result "1-0"]
[WhiteTitle "WIM"]
[BlackTitle "IM"]
[WhiteElo "2284"]
[BlackElo "2431"]
[WhiteFideId "675946"]
[BlackFideId "26092131"]
[EventDate "2020.05.16"]

1. d4 Nf6 2. c4 g6 3. Nc3 Bg7 4. e4 d6 5. Nge2 O-O 6. Ng3 h5 7. Be2 e5 8. d5 Nh7
9. O-O Nd7 10. Be3 h4 11. Nh1 f5 12. exf5 gxf5 13. f4 Ndf6 14. Nf2 Re8 15. Qd2
e4 16. Bd4 c5 17. dxc6 bxc6 18. Rad1 Be6 19. c5 d5 20. Nh3 Bf7 21. Ng5 Bg6 22.
Ba6 Rb8 23. b3 Nxg5 24. fxg5 Ng4 25. Bxg7 Kxg7 26. Ne2 Kh7 27. h3 Ne5 28. Qf4
Nf7 29. Qxh4+ Kg7 30. Nd4 Qd7 31. Qf4 Re5 32. Rde1 Rb4 33. Nf3 Re8 34. Nh4 Re5
35. Nf3 Qe7 36. Nxe5 Nxe5 37. Qh4 Qxc5+ 38. Kh1 Kg8 39. Qh6 Rb6 40. Bc8 Qc3 41.
Be6+ Bf7 42. Bxf5 c5 43. Bh7+ Kh8 44. Bg6+ Kg8 45. Qh7+ Kf8 46. Rxf7+ Ke8 47.
Re7+ Kd8 48. Re8# 1-0

[Event "ch-FRA Blitz Online Qual"]
[Site "Europe-Chess INT"]
[Date "2020.05.16"]
[Round "13"]
[White "Devallee, Jeremie"]
[Black "Nasuta, Grzegorz"]
[Result "0-1"]
[WhiteTitle "FM"]
[BlackTitle "GM"]
[WhiteElo "2230"]
[BlackElo "2558"]
[WhiteFideId "665240"]
[BlackFideId "1141686"]
[EventDate "2020.05.16"]

1. e4 e5 2. Nf3 Nc6 3. d4 exd4 4. Bc4 Nf6 5. e5 d5 6. Bb5 Ne4 7. Nxd4 Bc5 8. Be3
O-O 9. Nxc6 bxc6 10. Bxc5 Nxc5 11. Bxc6 Rb8 12. Qxd5 Qe7 13. O-O Rxb2 14. Na3
Rd8 15. Qf3 Ne6 16. Be4 Ng5 17. Qc3 Rb6 18. Bd3 Bb7 19. f4 Ne4 20. Bxe4 Bxe4 21.
Rae1 Ba8 22. f5 Rc6 23. Qg3 Qc5+ 24. Kh1 Ra6 25. f6 g6 26. e6 Rxa3 27. exf7+ Kf8
28. Qf4 g5 29. Re8+ Kxf7 30. Re7+ Kf8 31. Qg4 Qxc2 32. Rxh7 Qxh7 33. Qb4+ Rd6
34. Qxa3 Qe4 35. Qg3 Rd2 36. Qa3+ Kf7 37. Rg1 Rxg2 38. Qb3+ Bd5 39. Rxg2 Qxg2# 0-1

[Event "ch-FRA Blitz Online Qual"]
[Site "Europe-Chess INT"]
[Date "2020.05.16"]
[Round "13"]
[White "Villegas, Pierre"]
[Black "Degardin, Sylvain"]
[Result "1-0"]
[WhiteTitle "IM"]
[WhiteElo "2364"]
[BlackElo "2267"]
[WhiteFideId "654183"]
[BlackFideId "20623070"]
[EventDate "2020.05.16"]

1. d4 Nf6 2. c4 g6 3. f3 c5 4. d5 d6 5. e4 Bg7 6. Ne2 O-O 7. Nec3 a6 8. a4 e6 9.
Be2 exd5 10. cxd5 b6 11. O-O Ra7 12. Na3 Re8 13. Nc4 Rf8 14. Bf4 Ne8 15. Qd2 Qc7
16. Bh6 Nd7 17. Bxg7 Kxg7 18. f4 f5 19. e5 dxe5 20. d6 Nxd6 21. Nxd6 e4 22. Rad1
Nf6 23. Nxc8 Qxc8 24. Qd6 Rb7 25. Bxa6 1-0

[Event "ch-FRA Blitz Online Qual"]
[Site "Europe-Chess INT"]
[Date "2020.05.16"]
[Round "13"]
[White "Samoun, Florent"]
[Black "Bujisho, Benjamin"]
[Result "1-0"]
[WhiteTitle "FM"]
[BlackTitle "IM"]
[WhiteElo "2299"]
[BlackElo "2290"]
[WhiteFideId "664995"]
[BlackFideId "608610"]
[EventDate "2020.05.16"]

1. g4 d5 2. Bg2 c6 3. e3 h6 4. b3 Nf6 5. h3 g6 6. Bb2 Bg7 7. Qe2 O-O 8. f4 c5 9.
Nf3 Nc6 10. d3 a5 11. a4 Qc7 12. Nbd2 d4 13. g5 Nd5 14. gxh6 Bxh6 15. Nxd4 Nxe3
16. Nxc6 Nxg2+ 17. Qxg2 Qxc6 18. Qxc6 bxc6 19. O-O-O Bxf4 20. Kb1 f6 21. Ne4 Kf7
22. Nxc5 Rh8 23. Rdf1 Bc7 24. Ne4 Rh5 25. Nxf6 exf6 26. Rxf6+ Ke7 27. Re1+ Kd7
28. Rf7+ Kd6 29. Ba3+ c5 30. d4 Bf5 31. Bxc5+ Kc6 32. Ree7 Bf4 33. Kb2 Rxh3 34.
Rf6+ 1-0